चेख़ोव के सात नाटक / (Record no. 69300)

MARC details
000 -LEADER
fixed length control field 02531nam a22003617a 4500
005 - DATE AND TIME OF LATEST TRANSACTION
control field 20120824155435.0
008 - FIXED-LENGTH DATA ELEMENTS--GENERAL INFORMATION
fixed length control field 101019t xxu||||| |||| 00| 0 hin
010 ## - LCCN (DPL NO)
LC control number HIN-96502 B-490742-745
020 ## - INTERNATIONAL STANDARD BOOK NUMBER
Terms of availability 450.00
International Standard Book Number 8188714763
035 ## - SYSTEM CONTROL NUMBER
System control number HN-68848 B-490742-745
037 ## - SOURCE OF ACQUISITION
Source of stock number/acquisition DBAD / PUB
037 ## - SOURCE OF ACQUISITION
Source of stock number/acquisition इन्द्रप्रस्थ प्रकाशन
040 ## - CATALOGING SOURCE
Original cataloging agency DPL
Language of cataloging HN
082 ## - DEWEY DECIMAL CLASSIFICATION NUMBER
Classification number 822
100 ## - MAIN ENTRY--PERSONAL NAME
9 (RLIN) 23632
Personal name चेख़ोव, अन्तोन
245 ## - TITLE STATEMENT
Title चेख़ोव के सात नाटक /
Statement of responsibility, etc अन्तोन चेख़ोव; साबिरा हबीब द्वारा अनुदित
246 ## - VARYING FORM OF TITLE
Title proper/short title Chekhov ke saat vatak
Remainder of title by Anton Chekhov Tran by Sabira Habeeb
260 ## - PUBLICATION, DISTRIBUTION, ETC. (IMPRINT)
Place of publication, distribution, etc दिल्ली
Name of publisher, distributor, etc लिटिल बुक्स
Date of publication, distribution, etc 2009
270 ## - ADDRESS
City दिल्ली
Address 1/5971, कबूल नगर, शाहदरा
Postal code 110032
300 1# - PHYSICAL DESCRIPTION
Extent 316पृ.
Dimensions 22सेमी (सजिल्द)
650 ## - SUBJECT ADDED ENTRY--TOPICAL TERM
9 (RLIN) 657
Topical term or geographic name as entry element हिन्दी नाटक
650 ## - SUBJECT ADDED ENTRY--TOPICAL TERM
Topical term or geographic name as entry element Hindi Play
9 (RLIN) 51471
700 ## - ADDED ENTRY--PERSONAL NAME
9 (RLIN) 39143
Personal name साबिरा हबीब
710 ## - ADDED ENTRY--CORPORATE NAME
9 (RLIN) 34811
710 ## - ADDED ENTRY--CORPORATE NAME
9 (RLIN) 35049
942 ## - ADDED ENTRY ELEMENTS (KOHA)
Source of classification or shelving scheme Dewey Decimal Classification
Item type Hindi Books
Call number suffix चेख़ोव
Classification part 822
Holdings
Withdrawn status Lost status Source of classification or shelving scheme Damaged status Not for loan Collection code Home library Current library Date acquired Source of acquisition Cost, normal purchase price Total Checkouts Full call number Barcode Date last seen Copy number Cost, replacement price Koha item type Total Renewals
    Dewey Decimal Classification     Non-fiction Central Library Central Library 01/02/2013 इन्द्रप्रस्थ प्रकाशन/897/11.01.13/7/18.12.12/15.01.13 450.00 10 822 चेख़ोव B-490742 04/01/2021 1 450.00 Hindi Books 3
    Dewey Decimal Classification   Not For Loan Non-fiction D.B.Act.Division D.B.Act.Division 24/08/2012 DBAD / PUB 450.00   822 चेख़ोव HN-68848 24/08/2012 1 450.00 Hindi Books  
    Dewey Decimal Classification     Non-fiction Janak Puri Janak Puri 01/02/2013 इन्द्रप्रस्थ प्रकाशन/897/11.01.13/7/18.12.12/15.01.13 450.00 5 822 चेख़ोव B-490744 14/10/2016 1 450.00 Hindi Books  
    Dewey Decimal Classification     Non-fiction Patel Nagar Patel Nagar 01/02/2013 इन्द्रप्रस्थ प्रकाशन/897/11.01.13/7/18.12.12/15.01.13 450.00 4 822 चेख़ोव B-490743 14/08/2023 1 450.00 Hindi Books 2
    Dewey Decimal Classification     Non-fiction Shahdara Branch Shahdara Branch 01/02/2013 इन्द्रप्रस्थ प्रकाशन/897/11.01.13/7/18.12.12/15.01.13 450.00   822 चेख़ोव B-490745 01/02/2013 1 450.00 Hindi Books  

© Delhi Public Library
Hit Counter
free hit counter